Estadísticas para 50 Quizs de la Semana Santa de Sevilla

Haz click aquí para intentar la prueba.

Estadísticas generales

  • Esta prueba ha sido intentada 140 veces
  • La puntuación promedio es 20 de 50

Estadísticas de respuestas

PreguntaRespuesta% Correcto
¿Cuántos Ciriales lleva la Hermandad de la Mortaja delante del paso?18
68%
Que Hermandad fue fundada por catalanesMontserrat
62%
La marcha procesional, Pasan los Campanilleros, está dedicada a esta hermandad, en concreto a la Virgen de los Remedios.Siete Palabras
60%
Esta hermandad cuenta con un paso alegórico, el del Sagrado Decreto, donde se explica todo el plan de Dios, la Iglesia Católica y la salvación del mundo.La Trinidad
59%
Este misterio mantiene al cristo suspendido en el aire, solamente amarrado por dos telas blancas. La virgen que procesiona en el misterio es una de las pocas que no tiene lágrimas.Cristo del Descendimiento (Quinta Angustia)
58%
En la candelería de la Virgen de esta hermandad, observamos una cruz aspada en su primera tanda, que recuerda el martirio de San Andrés.Los Panaderos
58%
¿Qué Hermandad para pedir la venia para entrar en carrera oficial, lo hacen por escrito en un sobre cerrado?El Silencio
57%
Procesiona un paso alegórico llamado..... , que representa el triunfo de la Cruz sobre la muerte, esto es, la antesala de la Resurrección.La Canina
57%
La imagen del Cristo es la más antigua de la Semana Santa de Sevilla sin documentar.Cristo de la Vera Cruz
56%
Esta Hermandad es de las más antiguas de Sevilla, pues fue fundada a finales del siglo XIV por el Cardenal Mena que funda en 1393 una hermandad de Gloria en el Hospital de Los Ángeles.Los Negritos
55%
¿A que hermandad se le conoce como ¨La Valiente¨ porque fue la única cofradía que salió en la Semana Santa de 1932, durante la República, recibiendo varios disparos, tras rechazar las disposiciones del resto de las hermandades que, a pesar de que el Ayuntamiento les ofreció seguridad, renegaron de salir?La Estrella
53%
¿Qué Virgen quedó reducida a cenizas en 1973?Virgen del Patrocinio
53%
La Cruz de Guía es la única que va cubierta con tela de tul.Quinta Angustia
52%
¿Qué hermandad empezó a rendir culto a un Ecce Homo conocido popularmente como el Señor de la Ventana (ya que es visible desde una ventana lateral de la Iglesia), al que los viajeros pedían por un buen viaje.San Esteban
52%
En esta cofradía salen los únicos romanos de la Semana Santa que llevan unas plumas negras en su casco.Las Cigarreras
51%
¿Qué hermandad es la primera en poner los nazarenos en la calle cada año?Pino Montano
51%
¿Qué hermandad lleva un puente y un perro sobre su paso de misterio?La Milagrosa
50%
Los nazarenos ¿de que hermandad, visten túnicas de color marrón, por su vinculación con la orden franciscana?Buen Fin
48%
El Nazareno tiene una cruz de carey y plata y es conocido popularmente como “el jorobaito” por la inclinación de su espalda.Nuestro Padre Jesús Nazareno
48%
Los manigueteros de esta hermandad llevan túnicas blancas, mientras que el resto de nazarenos visten de negro.Pasión
48%
¿Qué hermandad lleva grabado en su paso de palio un escudo del Real Betis y otro del Sevilla FC?Santa Genoveva
46%
Lleva en andas la reliquia de la Santa Espina, que va delante del primer pasoEl Valle
45%
¿Cual es el único Crucificado de la Semana Santa con las piernas cruzadas, siguiendo la iconografía de cuatro clavos del Cristo de la Clemencia de la Catedral, de Martínez Montañés? (1603)Cristo de la Sed
43%
Es la cofradía que procesiona con más acólitos.El Valle
43%
El cristo de que hermandad, es el único de la Semana Santa que es representado llorandoSan Esteban
43%
Esta Hermandad mantiene estrechos vínculos con el Ejército del Aire, que anualmente sale con su patrona en la procesión del Viernes Santo.San Isidoro
43%
Se desconoce el origen de esta hermandad. No obstante, tradicionalmente se fecha la fundación de esta hermandad en Agosto de 1696, cuando fueron aprobadas sus primeras reglas, en San Marcos.Los Servitas
42%
Es la primera hermandad en la que un costalero fue Hermano Mayor.San Gonzalo
42%
El cristo de que hermandad, es representado mientras suda sangre, reflejando el sufrimiento tras conocer la pasión que se le sobrevenía.Montesión
40%
¿Qué hermandad por su vinculación con la Artillería, la acompaña una escolta militar en uniforme de gran gala?San Bernardo
40%
¿Qué dolorosa fue la primera en ser coronada canónicamente el 21 de Noviembre de 1954?Virgen de la Amargura
40%
Fue pionera en llevar cuadrilla de hermanos costaleros, hecho que sucedió hace ya más cincuenta años.Los Estudiantes
39%
Es la Cofradía más joven de la Semana Santa ya que hizo su primera estación de penitencia a la S.I.C. en 2010.El Sol
38%
¿Qué imagen del Señor mira hacia su derecha porque su autor lo concibió para presidir un retablo y no para procesionar?Jesús de las Penas
33%
¿En qué hermandad salieron por primera vez mujeres nazarenas, y es la primera en la que una mujer fue Hermana Mayor?Los Javieres
33%
Fundada en 1904, era la única cofradía que realizaba estación de penitencia el Martes Santo hasta los años 20.Santa Cruz
29%
¿Qué hermandad se llevo 33 años consecutivos sin procesionar por suspensión de sus reglas canónicas?Jesús Despojado
27%
¿Qué hermandad tiene el título de "Imperial"?La Lanzada
27%
¿Cuántas hermandades procesionan desde el Viernes de Dolores hasta el Domingo de Resurrección en la ciudad de Sevilla?75
26%
Esta imagen podría ser la dolorosa sevillana más antigua y la primera que salió bajo palio.Soledad de San Lorenzo
26%
¿Qué hermandad creó el capirote que da forma al antifaz del hábito nazareno como hoy lo conocemos, a finales del siglo XVI, en 1586?La Hiniesta
23%
Que hermandad fue fundada por hortelanos en 1595. Sus primeras reglas se aprobaron en dicho año como Cofradía de Nuestra Señora de la Esperanza.La Macarena
23%
¿Que virgen es la más antigua documentada de la Semana Santa?Mayor Dolor en su Soledad
19%
Los Duques de Medina Sidonia fundaron la hermandad en 1431 en el Monasterio de Santo Domingo de Silos, hoy la parroquia de San Benito.El Gran Poder
18%
Que Virgen tiene sus ojos cubiertos de una pátina de cristal, por lo que al darles la luz de las velas, parece que los tiene de color verde.Virgen del Valle
18%
Única dolorosa coronada canónicamente por una bula papal.Esperanza de Triana
17%
Esta cofradía se funda en el siglo XVII con motivo de una cruz levantada en la Plaza de los Carros para dar sepultura a los fallecidos por la epidemia de peste de 1649.Soledad de San Buenaventura
17%
En sus Reglas prohibían la pertenencia a «personas descendientes de moros y penitenciarios u otras que tuvieran oficios mal vistos».La Exaltación
14%
Cofradía fundada por mulatos.El Calvario
12%
¿Cuál es la Cofradía que más horas está en la calle?La Sed
8%

Distribución de puntuación

Porcentaje por número respondido

Porcentaje de gente con cada puntuación

Historial de tus puntuaciones

No has intentado esta prueba.